SQL server 7 : the complete reference

Αποθηκεύτηκε σε:
Λεπτομέρειες βιβλιογραφικής εγγραφής
Κύριος συγγραφέας: Coffman, Gayle
Μορφή: Βιβλίο
Γλώσσα:English
Δημοσίευση: Berkeley ; New York : Osborne/McGraw-Hill, c1999
Σειρά:Database professional's library
Θέματα:
Ετικέτες: Προσθήκη ετικέτας
Δεν υπάρχουν, Καταχωρήστε ετικέτα πρώτοι!

MARC

LEADER 00000nam a2200000 i 4500
001 1/4771
008 000601s1999 eng d
020 |a 007882494X 
035 |l 10061339 
040 |a GR-MY-UA  |b gre  |e aacr 
041 0 |a eng 
082 0 |a 005.7585 
100 1 |a Coffman, Gayle. 
245 1 0 |a SQL server 7 :  |b the complete reference /  |c Gayle Coffman 
260 |a Berkeley ; New York :   |b Osborne/McGraw-Hill,   |c c1999 
300 |a xliii, 912 p.;  |b ill.;  |c 23 cm. 
490 1 |a Database professional's library 
504 |a Includes index 
630 0 0 |a SQL server. 
650 0 0 |a Database management. 
830 0 |a Database professional's library 
852 |a INST  |b SAMOS  |e 20000601  |h 005.7585 COF  |p 005300015370  |q 005300015370  |t BK  |y 0 
901 |a BIBL3-2000-2 
909 |a Σ  |b 075094 
922 |a 3ΕΛΗ  |b 200003  |c ΤΠΕΣ/ΤΑΚΤ  |d ΠΑΠΑΣΩΤΗΡΙΟΥ 
970 |a ΓΕΝΟΥΖΟΥ  |b ΧΡΥΣΑΝΘΗ  |z 2000/06/01